000 00843nam a2200253 a 4500
005 20200104041526.0
008 140303b1985 ck ||||| |||| 00| 0 spa d
040 _aCO-BoIAVH
_cCO-BoIAVH
041 0 _aspa
044 _ack
090 _aLB
_b01836
245 1 _aClima del transecto Parque de Los Nevados /
260 _aBogotá
_bICN
_c1985?
300 _a60 páginas:
_bgráficas;
_c28 cm.
500 _aCompilado de: Algunos aspectos del clima del Parque de los Nevados.
650 6 _aClimatología
650 6 _aClima
650 6 _aFlora
_xTaxonomía
650 6 _aFlora
_xEspecies
650 4 _aFlora
_xClasificación
662 _aColombia
_cParque Nacional Natural Los Nevados
_bCaldas, Risaralda, Quindío y Tolima
700 1 _aPérez Preciado, Alfonso
_eCompilador
942 _cINFORME
_2z
999 _c2005
_d2005